000 005670000a22001930004500
001 14466
003 CO-MdFUSB
005 20160825144313.0
008 160825b xxu||||| |||| 00| 0 eng d
040 _cCO-MdFUSB
041 0 _aSPA
082 0 4 _aG 986.106 M5281b
245 1 0 _aColombia hoy :
_b Perspectivas hacial el siglo XXI /
_c Jorge Orlando Melo, Coordinador
250 _a14 ed. aumentada y corregida
264 _aSantafé de Bogotá :
_bSiglo Veintiuno,
_c1978
300 _a559 Pág.
650 1 4 _aHISTORIA MODERNA - SIGLO XX - COLOMBIA
942 _cBK
999 _c43329
_d43329